00343 a2200133 4500003000500000005001700005040000900022082001000031245007700041260003000118300001100148538003200159650001800191Nust20170207154216.0 cNust a378.4 aUni of Wales -Prifysgol Cymru Swanaes - UG Prospectus 1999cUni of Wales aWalesbUni of Walesc1999 a204 p. aAlmirah No. 117 Shelf No. 1 aUG Prospectus